| 000 | 00975nam0a22002291i 4500 | ||
|---|---|---|---|
| 001 | rc\255142 | ||
| 005 | 20240726053451.0 | ||
| 035 | _a(NLR Aleph) 005517761 | ||
| 090 |
_a5475135 _c5475135 |
||
| 100 | _a20030307d1990 u |0rusy50 ca | ||
| 101 | 0 | _arus | |
| 102 | _aRU | ||
| 105 | _ay ||||||||| | ||
| 200 | 1 |
_aСистема питания русских старожилов Азербайджана _e(Кросскультур. и этноэкол. анализ по материалам XIX-XX вв.) _eАвтореф. дис. на соиск. учен. степ. канд. ист. наук _e(07.00.07) _fАН СССР. Ин-т этнографии им. Н.Н. Миклухо-Маклая |
|
| 210 |
_aМ. _d1990 |
||
| 215 | _a22 с. | ||
| 320 | _aБиблиогр.: с. 20-22 (18 назв.) | ||
| 700 | 1 |
_aГригулевич _bН.И. _gНадежда Иосифовна |
|
| 801 | 0 |
_aRU _bNLR _gpsbo |
|
| 801 | 1 |
_aRU _bELAR _2rusmarc |
|
| 852 |
_aNLR _jА90/19743 |
||
| 942 | _cBOOK | ||